All Superman Villains - Statistics

General Stats
  • This quiz has been taken 29 times
  • The average score is 13 of 77
Answer Stats
Answer % Correct
Lex Luthor
100%
Brainiac
84%
General Zod
84%
Bizarro
80%
Darkseid
80%
Doomsday
72%
Metallo
68%
Ultraman
60%
Parasite
48%
Lobo
44%
Mister Mxyzptlk
44%
Livewire
40%
Toyman
40%
Cyborg Superman
36%
Mongul
24%
Silver Banshee
24%
Ultra Humanite
24%
Jax Ur
20%
Titano
20%
Atomic Skull
16%
Conduit
16%
Prankster
16%
Bloodsport
12%
Bruno Manheim
12%
Faora Hu-Ul
12%
Manchester Black
12%
Mongal
12%
Nuclear Man
12%
Rampage
12%
Solaris the Tyrant Sun
12%
The Eradicator
12%
Ursa
12%
Volcana
12%
Dominus
8%
Hat (Rampotatek)
8%
H'El
8%
Kryptonite Man
8%
Maxima
8%
Neutron
8%
Rogol Zaar
8%
Amazing Grace
4%
Blackrock
4%
Encantadora
4%
Morgan Edge
4%
Non
4%
Puzzler
4%
Terra Man
4%
Xa-Du
4%
Amalak
0%
Anomaly
0%
Atlas
0%
Auctioneer
0%
Blanque
0%
Boss Moxie
0%
Carolyn Dole
0%
Coldcast (Craig Jones)
0%
Dev Em
0%
Equus
0%
Eve Tesmacher
0%
Frank Sixty
0%
General Sam Lane
0%
Gomorrah
0%
Ignition
0%
Joe Danton
0%
Kru-El
0%
Lady Blaze
0%
Lord Satanus
0%
Max Danner
0%
Menagerie (Pamela)
0%
Menagerie (Sonja)
0%
Nick O'Teen
0%
Sister Superior (Vera Black)
0%
Skyhook
0%
Sleez
0%
Sodom
0%
Syrene
0%
The Engineer
0%
No matching quizzes found
Score Distribution
Percent of People with Each Score
Percentile by Number Answered
Your Score History
You have not taken this quiz